000 00699nam a2200229Ii 4500
003 JO-AjNU
008 230605s9999||||xx |||||||||||||| ||und||
017 _a2012/2193
020 _a978-977-499-056-4
040 _aJO-AjNU
_bara
_erda
_cJO-AjNU
041 _aara
050 1 4 _aPJ7860 2012
100 3 _aسري، منال ,
_eauthor
_957533
245 0 0 _aتباريح العشق السرية
250 _aط1
264 3 1 _aالقاهرة: رويا للنشر والتوزيع، 2012
300 _a92ص
336 _atext
_btxt
_2rdacontent
337 _aunmediated
_bn
_2rdamedia
338 _avolume
_bnc
_2rdacarrier
650 4 _aالشعر العربي- العصر الحديث
_957534
999 _aA25789
_c29357
_d29357